[Event "AUT-chT2S 9697"]
[Site "Austria"]
[Date "1996.??.??"]
[Round "5"]
[White "Putzi, Albert"]
[Black "Januschke, Markus"]
[Result "0-1"]
[WhiteElo "2225"]
[BlackElo "2100"]
[PlyCount "72"]
[EventDate "1996.??.??"]
[EventType "team"]
[EventRounds "11"]
[EventCountry "AUT"]
[SourceTitle "EXT 1999"]
[Source "ChessBase"]
[SourceDate "1998.11.16"]
[SourceVersion "1"]
[SourceVersionDate "1998.11.16"]
[SourceQuality "1"]

1. f4 Nf6 2. g3 d6 3. Bg2 e5 4. d3 Be7 5. Nh3 0-0 6. 0-0 c6 7. e4 Bxh3 8. Bxh3 Nbd7 9. Nc3 b5 10. Be3 b4 11. Na4 d5 12. Bg2 Qa5 13. b3 Rad8 14. Qe2 Rfe8 15. f5 dxe4 16. dxe4 Nc5 17. Bxc5 Bxc5+ 18. Kh1 Bd4 19. Rad1 Rd7 20. g4 h6 21. h4 Qd8 22. Kh2 Be3 23. Kh3 Bd4 24. Bf3 Qe7 25. Qc4 Red8 26. Rd3 Nh7 27. Rdd1 Bf2 28. g5 hxg5 29. Rxd7 g4+ 30. Kg2 gxf3+ 31. Kxf3 Rxd7 32. Rxf2 Qxh4 33. Qxb4 Ng5+ 34. Ke3 Nh3 35. Rf1 Qg3+ 36. Rf3 Qg1+ 0-1